33 verbes irrégulier en anglais - Statistiques

Statistiques générales
  • Ce quiz a été pris 84 fois
  • Le résultat moyen est 20 sur 96
Statistiques - réponses
verbe en francais infinitif % Correct
came
91%
venir come
91%
couper cut
88%
cut
88%
come
86%
cut
86%
couter cost
74%
cost
74%
cost
74%
penser think
65%
allumer, éclairer light
56%
thought
53%
thought
51%
laisser let
44%
let
42%
let
42%
jurer swear
42%
swore
40%
oser, défier dare
37%
sentrir mauvais, puer stink
35%
s'agenouiller kneel
33%
porter, supporter bear
30%
stank
30%
stunk
30%
bore
28%
lit
26%
lit
26%
sworn
26%
balayer sweep
23%
swept
21%
swept
21%
lier bind
19%
knelt
16%
knelt
16%
overcame
16%
surmonter overcome
16%
overcome
16%
chercher seek
16%
bound
14%
bound
14%
borne
12%
poser, étendre lay
12%
dared
9%
laid
9%
laid
9%
se pencher lean
9%
sought
9%
sought
9%
enfler swell
9%
swollen / swelled
9%
pleurer weep
9%
wept
9%
wept
9%
moudre, aiguiser grind
7%
sauter leap
7%
leapt
7%
leapt
7%
swelled
7%
(se) balancer swing
7%
swung
7%
swung
7%
s'accrocher cling
5%
clung
5%
clung
5%
distribuer deal
5%
dealt
5%
dealt
5%
durst
5%
ground
5%
ground
5%
leant
5%
leant
5%
sprang
5%
(s')étendre spread
5%
spread
5%
spread
5%
bondir spring
5%
sprung
5%
frapper strike
5%
struck
5%
struck
5%
(se) retirer withdraw
5%
withdrawn
5%
withdrew
5%
lancer cast
2%
cast
2%
cast
2%
déchirer rend
2%
rent
2%
rent
2%
débarrasser rid
2%
rid
2%
rid
2%
tourner, remonter wind
2%
wound
2%
wound
2%
Aucun quiz correspondant
Distribution des résultats
% des personnes avec chaque résultat
Percentile par nombre de réponses
Votre historique - résultats
Vous n’avez pas pris ce quiz